000 00603nam a22001937a 4500
999 _c9756
_d9756
003 AR-CdUCM
008 190328b ||||| |||| 00| 0 spa d
020 _a978-968-16-7333-8
040 _aMUNICIPALIDAD PROVINCIAL DEL CUSCO
_cBIBLIOTECA MUNICIPAL DEL CUSCO
082 _aSI-0103 /
_bKER / pap
100 _aKeret, Etgar
_926185
245 _aPapá escapó con el circo /
260 _aMéxico :
_bFondo de Cultura Económica :
_c2004.
300 _a39 páginas ;
_bIlustraciones.
_c21.5 cm.
650 _aLiteratura infantil
_9588
650 _aSiglo XXI
_92856
942 _2ddc
_cLIBROS
945 _aafb